000 00331nam a2200145Ia 4500
003 OSt
005 20240223124347.0
008 170524s9999 xx 000 0 und d
020 _a9788120301160
040 _cIIMT UNIVERSITY
100 _aDean Joel
245 0 _aManagerial Economics
260 _aNew Delhi PHI
942 _2ddc
_c01
999 _c2995
_d2995